| 000 | 00802nam a2200229 a 4500 | ||
|---|---|---|---|
| 001 | BRCA_4647 | ||
| 005 | 20190320204741.0 | ||
| 008 | 741223s1958 mx-a######---#000-0#spa-# | ||
| 041 | _aspa | ||
| 044 | _amx | ||
| 050 | 4 |
_aN6713 _b.C58 1958 |
|
| 100 | 1 |
_aCossío del Pomar, Felipe _97693 |
|
| 245 | 1 | 0 |
_aArte del Perú colonial _cFelipe Cossío del Pomar ; dibujos de Emilio Sánchez y Robert Davison. |
| 260 |
_aMéxico _bFCE _c1958 |
||
| 300 |
_axix, 253 p. _bil. (algunas a color), 231 láminas, planos, mapas _c33 cm. |
||
| 500 | _aIncluye índice alfabético e índice de ilustraciones. | ||
| 504 | _aBibliografía: 241-242 | ||
| 650 | 1 | 4 |
_aArte colonial _xHistoria _zPerú _911764 |
| 700 | 1 |
_aSánchez, Emilio _eIlustrador _97696 |
|
| 700 | 1 |
_aDavison, Robert _eIlustrador _97697 |
|
| 942 |
_2lcc _cB |
||
| 999 |
_c4350 _d4350 |
||